| 000 | 00825nam a22002777a 4500 | ||
|---|---|---|---|
| 003 | CHAP | ||
| 005 | 20220329141607.0 | ||
| 008 | 971013s1957 r 00010 d | ||
| 010 | _a70667 | ||
| 011 | _a71639 | ||
| 035 | _a81193 | ||
| 040 | _cCHAP | ||
| 090 | _aFolleto 1159 | ||
| 110 |
_aCalifornia Fertilizer Association. Sacramento, Ca. _917497 |
||
| 245 | _aRange fertilization | ||
| 260 |
_aSan Marino, Calif. : _b(s.e.), _c1957 |
||
| 300 |
_a21 p. _b: ilus. |
||
| 590 |
_aBATCH-UPD _b10 _c20130110 _lUCH01 _h2215 |
||
| 590 |
_aBATCH-UPD _b10 _c20130410 _lUCH01 _h1516 |
||
| 590 |
_aBATCH-UPD _b10 _c20130914 _lUCH01 _h1904 |
||
| 590 |
_aCONVERSION _b10 _c20130109 _lUCH01 _h1339 |
||
| 650 | 1 | 4 |
_aPastos _xFertilización. _986033 |
| 901 | _aBK | ||
| 942 | _cFOLL | ||
| 949 |
_aFolleto 1159 _bBC _cFOLL _d-34401 _eTS1 _i81193 _si |
||
| 999 |
_c70667 _d70667 |
||